Responses for show #1748 - Wednesday, March 18, 1992

Phil Yellman game 4.

Contestants

Ina Gail Goldberg, a social worker originally from Baltimore, Maryland

Jim Tucker, a househusband and grad student from Bakersfield, California

Phil Yellman, a word processor from Albuquerque, New Mexico (whose 3-day cash winnings total $31,400)

Jeopardy! Round responses

AFRICA
SILLY SONGS
CLOTHING
MYTHOLOGY
MAGAZINES
WORD ORIGINS
    $100 17
Sahara

Ina
    $100 7
don't talk back

Phil
    $100 18
jumpsuit

Phil
    $100 12
Sphinx

Phil
    $100 2
Grace Kelly

Jim
    $100 1
(Ina: What is henna?)

auburn

Ina
Triple Stumper
    $200 19
Nile

Ina
    $200 8
on the bedpost

Phil
    $200 20
blazer

Phil
    $200 13
hunter

Ina
    $200 3
Demi Moore

Jim
    $200 25
George Bernard Shaw

Phil
    $300 21
Roman Empire

Ina
    $300 9
(Alex: That's good enough.)

Na Na Na, Hey Hey Hey Hey

Phil
    $300 22
clam diggers

Ina
    $300 14
a thousand

Phil
    $300 4
Esquire

Jim
    $300 28
infantry

Triple Stumper
    $400 26
Indian Ocean

Jim
    $400 10
The Hanky Panky

Jim
    $800 23
Empire

Ina
    $400 15
nectar

Ina
    $400 5
National Geographic

Ina
    $400 29
animate

Phil
    $500 27
Portugal

Jim
    $500 11
"Mama-Oom-Mow-Mow"

Jim
    $500 24
hat

Triple Stumper
    $500 16
caduceus

Phil
    $500 6
Reader's Digest

Jim
    $500 30
ounce & inch

Jim

Scores at the first commercial break (after clue 16):

Phil Jim Ina
$1,500 $2,000 $900

Scores at the end of the Jeopardy! Round:

Phil Jim Ina
$2,400 $3,400 $2,600

Double Jeopardy! Round responses

U.S. HISTORY
FLIGHTLESS BIRDS
BOGART FILMS
THE ROYAL FAMILY
THE GREAT LAKES
BEST SELLERS
    $200 6
Dewey

Phil
    $200 21
penguins

Jim
    $200 1
The Caine Mutiny

Phil
    $200 26
tea

Jim
    $200 11
St. Lawrence Seaway

Ina
    $200 12
Michener

Jim
    $400 7
The Constitution

Jim
    $400 22
dodos

Jim
    $400 2
The Big Sleep

Phil
    $400 27
(Jim: What is 17?)

19

PhilJim
    $400 17
Lake Michigan

Phil
    $400 13
Star Wars

Phil
    $600 8
Father Serra

Phil
    $600 23
(Jim: What are auks?)

ostriches

PhilJim
    $600 3
Dooley Wilson

Jim
    $600 28
Princess Margaret

Ina
    $2,000 18
France

Phil
    $600 14
Norman Mailer

Jim
    $800 9
Montgomery, Alabama

Phil
    $800 24
rhea

Phil
    $800 4
Key Largo

Phil
    $600 29
(Ina: Who is Victoria?)

Beatrice

Ina
    $800 19
Sault Ste. Marie

Phil
    $800 15
Eat Lunch

Phil
    $1000 10
Explorer I

Phil
    $1000 25
(Jim: What is an auk?)
(Alex: But, the auks are very appreciative of your mentions of them, Jim.)

kiwi

Jim
Triple Stumper
    $1000 5
The Petrified Forest

Phil
    $1000 30
(Ina: What is French?)
(Alex: He was born on the island of Corfu. [*] is right.)

Greek

PhilIna
    $1000 20
(Ina: What is Huron?)

Ontario

Ina
Triple Stumper
    $1000 16
Bob Woodward

Triple Stumper

Scores at the end of the Double Jeopardy! Round:

Phil Jim Ina
$14,600 $4,000 $800
(lock game)

[wagering suggestions for these scores]

Final Jeopardy! Round responses

LANGUAGES
(Phil had to write his response on the card.)
InaWhat are Norway & Denmark?
$0
JimWhat are Sweden and Finland?
$2,399
PhilWhat are Sweden & Norway Denmark?
$1,400
Sweden & Finland

Final scores:

Phil Jim Ina
$13,200 $6,399 $800
4-day champion: $44,600 2nd place: trip to San Juan, Puerto Rico on TWA at Palmos Del Mar Resort 3rd place: Laguna sportswear and Nintendo Entertainment System

Game dynamics:

Coryat scores:

Phil Jim Ina
$13,200 $4,000 $1,000
27 R
(including 1 DD),
0 W
16 R,
3 W
10 R
(including 1 DD),
4 W
(including 1 DD)

Combined Coryat: $18,200

The J! Archive is created by fans, for fans. The Jeopardy! game show and all elements thereof, including but not limited to copyright and trademark thereto, are the property of Jeopardy Productions, Inc. and are protected under law. This website is not affiliated with, sponsored by, or operated by Jeopardy Productions, Inc. Join the discussion at JBoard.tv.